[Event "All India GP Rapid-ch 2019"]
[Site "Tamil Nadu"]
[Date "2019.11.17"]
[Round "1.2"]
[White "Nitin, S.."]
[Black "Nagaraj, M."]
[Result "1-0"]
[WhiteElo "2452"]
[BlackElo "1057"]
[Annotator "TA"]
[PlyCount "19"]
[EventDate "2019.11.17"]
[EventType "rapid"]
[EventCountry "IND"]
[SourceTitle "playchess.com"]
[Source "ChessBase"]
[SourceQuality "1"]

{[%evp 9,19,5,3,8,16,13,19,0,0,-13,-9,-22]} 1. b3 b6 2. Bb2 Bb7 3. c4 Nf6 4. Nf3 e6 5. Nc3 (5. e3 Be7 6. d4 O-O 7. Bd3 c5 8. O-O cxd4 9. exd4 d5 10. Nc3 dxc4 11. bxc4 Nc6 12. Rc1 Rc8 13. Qe2 Nb4 14. Bb1 Bxf3 15. gxf3 Nh5 16. a3 Bd6 17. f4 Qh4 18. f3 Nxf4 19. Qd2 Nbd3 {0-1 (19) Svidler,P (2729)-Kramnik,V (2753) Amsterdam 2019}) 5... d5 {The position is equal.} 6. e3 {A01: Nimzowitsch-Larsen Opening} a6 7. d4 Bd6 8. cxd5 exd5 9. Bd3 O-O $146 ({Predecessor:} 9... Nbd7 10. Qe2 O-O 11. O-O Qe7 12. Rac1 Ne4 13. g3 f5 14. Nd2 c5 15. f4 Nxd2 16. Qxd2 Rac8 17. Rfe1 c4 18. Be2 b5 19. Bf3 Nf6 20. Qg2 Qe6 21. bxc4 Rxc4 {0-1 (41) Metaxasz,V (2127)-Berczes,D (2450) Balatonlelle 2006}) 10. Bf1 {[%mdl 32768] Loss on time!?} 1-0

[Event "All India GP Rapid-ch 2019"]
[Site "Tamil Nadu"]
[Date "2019.11.17"]
[Round "1.3"]
[White "Aravindhan, S."]
[Black "Shyaamnikhil, P."]
[Result "0-1"]
[WhiteElo "1056"]
[BlackElo "2413"]
[Annotator "TA"]
[PlyCount "90"]
[EventDate "2019.11.17"]
[EventType "rapid"]
[EventCountry "IND"]
[SourceTitle "playchess.com"]
[Source "ChessBase"]
[SourceQuality "1"]

{[%evp 11,89,22,20,0,0,0,0,-10,0,-32,-9,-23,4,-36,-34,-36,-25,-85,-62,-53,-57,-63,-55,-68,-48,-69,-22,-46,-51,-50,-25,-50,-50,-66,-60,-61,-52,-58,-37,-97,-29,-171,-153,-371,-364,-466,-463,-474,-461,-460,-412,-775,-793,-884,-870,-821,-732,-1070,-1056,-1055,-969,-2968,-2391,-29985,-5143,-29987,-29988,-29988,-29989,-29989,-29990,-29990,-29990,-29990,-29991,-29991,-29990,-29993,-29994,-29999]} 1. e4 c5 2. Nf3 d6 3. d4 cxd4 4. Nxd4 Nf6 5. Nc3 a6 6. g3 e5 7. Nf3 {B91: Sicilian Najdorf: 6 g3} (7. Nde2 Be7 8. Bg2 O-O 9. O-O b5 10. Nd5 Nbd7 11. Nec3 Nb6 12. Nxf6+ Bxf6 13. b3 Be6 14. Ba3 Qc7 15. Qd3 Rfc8 16. Bb4 a5 17. Nxb5 Qxc2 18. Qxc2 Rxc2 19. Bxd6 {½-½ (73) Vachier Lagrave,M (2778)-Wojtaszek,R (2749) Shenzhen 2018}) 7... Be7 8. Bg2 b5 9. Bg5 {The position is equal.} Nbd7 {[%cal Bb8d7,Bd7b6,Bb6c4][%mdl 32]} 10. Nd5 $146 ({Predecessor:} 10. a4 Bb7 11. axb5 axb5 12. Rxa8 Bxa8 13. O-O b4 14. Nb5 Qb6 {1-0 (38) Safarli,E (2638)-Adhiban,B (2561) Moscow 2012}) 10... Nxd5 11. Qxd5 Nb6 12. Qd2 f6 13. Be3 Nc4 14. Qd5 (14. Qc3 $11 {remains equal.}) 14... Rb8 15. Bc1 Bb7 16. Qd3 {[#]} f5 $1 {[%mdl 512]} 17. Nd2 (17. exf5 e4) 17... fxe4 18. Bxe4 Bxe4 19. Qxe4 d5 20. Qe2 Bf6 21. Nxc4 bxc4 22. Qh5+ g6 23. Qe2 O-O $36 {[%mdl 2048] Black fights for an advantage.} 24. O-O $1 Qc8 25. Bh6 {[#]} ({White should play} 25. b3 $15) 25... Rd8 ({Not} 25... Rxb2 26. Bxf8 Qxf8 27. Rfb1 $16) ({Better is} 25... Re8 $1 $17 26. Rab1 Qh3) 26. Rad1 (26. b3 $11) 26... Rxb2 $19 27. Ra1 $2 (27. f4 $17 {was worth a try.} e4 {[#]} 28. f5 $1 {[%mdl 512]}) 27... Qf5 28. Rfc1 g5 29. Qh5 Qg6 30. Qxg6+ hxg6 31. Rd1 (31. Rab1 $142 c3 32. f4) 31... Kh7 32. Bxg5 Bxg5 33. h4 Bf6 34. c3 d4 35. cxd4 exd4 36. a4 d3 37. Rab1 d2 (37... Rxb1 $142 38. Rxb1 d2 39. Rd1 c3 40. Rf1 d1=Q {[%mdl 64] Promotion} 41. Rxd1 Rxd1+ 42. Kg2 c2 43. h5 c1=Q 44. hxg6+ Kxg6 45. Kh3 Rh1+ 46. Kg2 Qc6+ 47. f3 Qc1 48. g4 Qg1#) 38. Rxb2 Bxb2 {[%mdl 4096] Endgame KRB-KR. Black mates.} 39. Kf1 c3 40. Ke2 c2 41. Rxd2 Rxd2+ 42. Kxd2 c1=Q+ 43. Ke2 Qc2+ 44. Kf3 Bd4 45. Kf4 Qf5# {Accuracy: White = 31%, Black = 69%.} 0-1

[Event "All India GP Rapid-ch 2019"]
[Site "Tamil Nadu"]
[Date "2019.11.17"]
[Round "1.4"]
[White "Laxman, R.R."]
[Black "Haresh, R."]
[Result "1-0"]
[WhiteElo "2403"]
[BlackElo "1056"]
[Annotator "TA"]
[PlyCount "70"]
[EventDate "2019.11.17"]
[EventType "rapid"]
[EventCountry "IND"]
[SourceTitle "playchess.com"]
[Source "ChessBase"]
[SourceQuality "1"]

{[%evp 18,70,-4,-12,23,0,2,-23,2,15,55,21,27,29,69,77,93,102,80,62,104,47,136,129,145,92,273,254,273,146,130,129,137,97,330,298,679,710,707,676,638,687,685,677,640,550,949,943,903,574,29983,29984,29984,29985,29989]} 1. e4 c5 2. Nf3 Nc6 3. d3 e6 4. Nbd2 Nge7 5. g3 g6 6. Bg2 Bg7 7. O-O O-O 8. Re1 d5 9. e5 Qc7 10. Qe2 Nf5 {A08: King's Indian Attack} (10... b6 11. Nf1 Ba6 12. c3 Rae8 13. Bf4 Qd7 14. h4 h5 15. N1h2 f6 16. exf6 Bxf6 17. Bh6 Rf7 18. Bh3 Nd8 19. Bg5 Bg7 20. Rad1 {1-0 (36) Blohberger,F (2427)-Akshat,K (2403) Dunajska Streda 2018}) 11. Nb3 b6 12. Bf4 Bb7 {Black has an edge.} 13. c3 $146 ({Predecessor:} 13. h4 h5 14. Bh3 Nfe7 15. Ng5 Qd7 16. g4 hxg4 17. Qxg4 Nf5 18. h5 {1-0 (58) Ries,B-Schneider,A Friedrichroda 1997}) 13... Rad8 14. h4 d4 15. c4 Nb4 16. a3 Bxf3 17. Bxf3 Nc6 18. Nd2 Rc8 19. Kg2 ({Better is} 19. b4 $16) 19... Qe7 ({Black should play} 19... h5 $14) 20. Bxc6 $16 Rxc6 21. Ne4 (21. Bg5 $142 Qb7 22. g4) 21... Rd8 $2 (21... h5 $16) 22. Bg5 $18 {[%mdl 64] [#] Skewer} Qc7 23. Nf6+ ({But not} 23. Bxd8 $6 Qxd8 24. Ng5 Bf8 $18) (23. b4 $18 {Hoping for b5.} h6 24. Bf6 cxb4 25. Bxd8 (25. axb4 Bxf6 26. Nxf6+ Kg7 $18) 25... Qxd8 26. axb4) 23... Bxf6 $16 24. Bxf6 Rd7 25. g4 Ne7 $2 (25... Ng7 $16) 26. Qd2 $18 {Threatening mate with Qh6.} Kf8 $2 (26... Qc8 27. h5 (27. Qh6 Qf8 $14) 27... b5) 27. Qh6+ {[%mdl 64] [#] Double Attack} Ke8 28. Qxh7 {Qh8+ would kill now.} Rd8 29. Re4 Kd7 30. Qxf7 Re8 31. Rh1 Kd8 32. h5 gxh5 33. Rxh5 Kc8 34. Qxe8+ Kb7 35. Rh7 Ng8 {Accuracy: White = 55%, Black = 23%.} 1-0

[Event "All India GP Rapid-ch 2019"]
[Site "Tamil Nadu"]
[Date "2019.11.17"]
[Round "1.5"]
[White "Avanish, Ram Amarnath"]
[Black "Maheswaran, P.."]
[Result "0-1"]
[WhiteElo "1053"]
[BlackElo "2337"]
[Annotator "TA"]
[PlyCount "58"]
[EventDate "2019.11.17"]
[EventType "rapid"]
[EventCountry "IND"]
[SourceTitle "playchess.com"]
[Source "ChessBase"]
[SourceQuality "1"]

{[%evp 11,57,47,38,3,0,-7,-10,-7,-4,7,-12,-28,0,-76,-74,-77,-65,-86,-88,-804,-790,-956,-968,-965,-965,-960,-944,-886,-870,-1222,-1229,-1240,-1198,-1361,-1353,-1311,-1307,-1420,-1422,-2054,-2074,-29990,-29991,-29992,-29993,-29997,-29998,-29999]} 1. e4 c5 2. Nf3 e6 3. d4 cxd4 4. Nxd4 a6 5. Nc3 Qc7 6. a3 Nf6 7. Bg5 {B43: Sicilian: Kan Variation: 5 Nc3} (7. h3 Nc6 8. Be3 b5 9. Nxc6 dxc6 10. f4 Bb7 11. e5 c5 12. Rh2 Nd5 13. Nxd5 Bxd5 14. c4 Bc6 15. Qc2 b4 {½-½ (15) Izoria,Z (2606)-Bilguun,S (2479) Ulaanbaatar 2018}) 7... Be7 8. f4 h6 9. Bxf6 $1 {The position is equal.} Bxf6 10. e5 Be7 11. Bd3 $146 ({Predecessor:} 11. Qg4 g6 12. Bd3 Nc6 13. Nxc6 dxc6 14. O-O-O Rg8 {½-½ (32) D'Atri,E-Vilalta,R Chivilcoy 1990}) 11... d5 12. Qe2 (12. Nce2 $11) 12... Nc6 $17 13. Nxc6 bxc6 14. O-O Qb6+ {[%mdl 64] [#] Double Attack} 15. Qf2 $2 {[%mdl 8192]} (15. Kh1 $17) 15... Bc5 $19 16. Na4 Bxf2+ 17. Rxf2 Qd4 18. Nc3 Rb8 19. Rb1 g5 20. fxg5 hxg5 21. Ne2 Qe3 22. Ng3 {[#]} Rxb2 $1 {[%mdl 64] Deflection, Decoy} 23. Rxb2 Qc1+ {[%mdl 64] Double Attack} 24. Rf1 Qxb2 {[%mdl 64] Double Attack} 25. Kh1 Qxe5 26. Rf3 g4 {Black mates.} 27. Rf1 Qxg3 {[%csl Gh8][%cal Rg3h2]} 28. h4 gxh3 29. gxh3 Rxh3# {Accuracy: White = 13%, Black = 85%.} 0-1

[Event "All India GP Rapid-ch 2019"]
[Site "Tamil Nadu"]
[Date "2019.11.17"]
[Round "2.3"]
[White "Shyaamnikhil, P."]
[Black "Sheik Saleem D"]
[Result "1-0"]
[WhiteElo "2413"]
[BlackElo "1280"]
[Annotator "TA"]
[PlyCount "57"]
[EventDate "2019.11.17"]
[EventType "rapid"]
[EventCountry "IND"]
[SourceTitle "playchess.com"]
[Source "ChessBase"]
[SourceQuality "1"]

{[%evp 10,57,7,8,24,13,22,18,55,53,39,33,55,14,58,39,87,53,87,86,158,144,149,126,271,49,50,75,126,122,124,124,127,127,121,120,192,191,197,194,196,196,654,645,29994,29995,29995,29996,29998,29999]} 1. e4 e5 2. Nf3 Nc6 3. d4 exd4 4. Nxd4 Bc5 5. Nxc6 bxc6 6. Nc3 Ne7 {C45: Scotch Game} (6... d6 {feels hotter.} 7. Na4 Bb6 8. Bd3 Nf6 9. Qf3 Nd7) (6... Nf6 7. Bd3 O-O 8. O-O Re8 9. Bg5 h6 10. Bh4 Be7 11. e5 Nd5 12. Bxe7 Qxe7 13. Qd2 Qb4 14. Rae1 Qf4 15. Qd1 Nxc3 16. bxc3 d5 17. exd6 Bg4 18. Rxe8+ Rxe8 {½-½ (49) Nepomniachtchi,I (2705)-Dominguez Perez,L (2732) Berlin 2015}) 7. Bc4 O-O (7... d6 {keeps more tension.} 8. O-O Ng6 9. Na4 Bb6 10. b3 O-O) 8. O-O a6 {The position is equal.} 9. Bg5 $146 ({Predecessor:} 9. Qe2 Bb7 10. Bg5 Kh8 {0-1 (10) Lehmann,D (1599)-Brunner,H (1736) DESC email 2002}) 9... d6 10. Qe2 Qd7 11. Kh1 Kh8 12. f4 f5 13. Rf3 fxe4 14. Nxe4 Nf5 (14... Bb6 $142) 15. Nxc5 $16 dxc5 16. Rd1 Nd6 {[#]} (16... Nd4 $16) 17. Bd3 $2 (17. f5 $1 $18 {[%cal Rf5f6][%mdl 512]} Qe8 (17... Nxf5 18. Rxd7) 18. Re3 Bxf5 19. Rxe8 Raxe8 20. Be3 (20. Bxa6 Rxe2 21. Bxe2 h6 $11) 20... Nxc4 21. Qxc4 {[%mdl 64] Double Attack} Rxe3 22. Qxc5) 17... Qf7 $1 $14 {And now ...Bg4 would win.} 18. Re3 $40 {[%mdl 128] Re7 is the strong threat. Black is in trouble.} c4 (18... Bf5 $142) 19. Re7 $16 Qg8 20. Be4 $1 {[%cal Re4c6]} Nxe4 21. Qxe4 Bf5 22. Qxc6 Bxc2 (22... Rae8 $16 23. Rde1 (23. Qxa6 Bxc2 24. Rde1 Rxe7 $14) 23... Rxe7 24. Rxe7 (24. Bxe7 Re8 $16) 24... Bxc2) 23. Rdd7 $18 Rae8 {[#]} 24. h3 $1 ({Much less strong is} 24. Qxc7 $6 Bf5 $16) ({Don't play} 24. Rxc7 $6 Rxe7 25. Rxe7 Bb1 $16) 24... Rxe7 25. Bxe7 ({Don't do} 25. Rxe7 Rf7 $16) 25... Re8 $2 {[#]} (25... Bf5) 26. Bf6 $1 {[%mdl 512]} Bd3 (26... gxf6 27. Qxf6+) 27. Rxg7 {White mates.} Re1+ {[#]} 28. Kh2 $1 Qxg7 29. Qa8+ {Accuracy: White = 58%, Black = 18%.} 1-0

[Event "All India GP Rapid-ch 2019"]
[Site "Tamil Nadu"]
[Date "2019.11.17"]
[Round "2.4"]
[White "M Padma Pratibha"]
[Black "Laxman, R.R."]
[Result "0-1"]
[WhiteElo "1270"]
[BlackElo "2403"]
[Annotator "TA"]
[PlyCount "50"]
[EventDate "2019.11.17"]
[EventType "rapid"]
[EventCountry "IND"]
[SourceTitle "playchess.com"]
[Source "ChessBase"]
[SourceQuality "1"]

{[%evp 13,57,0,0,-16,-24,-22,0,-25,0,0,0,0,0,0,0,0,91,0,0,0,0,0,0,-14,-19,-235,-246,-290,-350,-435,-463,-456,-418,-1479,-1260,-29988,-29987,-29994,-29988,-29987,-29987,-29997,-29997,-29997,-29998,-29999]} 1. e4 e5 2. Nf3 Nc6 3. Bc4 Bc5 4. c3 Nf6 5. d4 exd4 6. e5 d5 7. Bb5 Ne4 8. Bxc6+ {C54: Giuoco Piano: 4 c3 Nf6, main lines with 5 d4 and 5 d3} (8. cxd4 Bb6 9. Nc3 O-O 10. Be3 Bg4 11. h3 Bh5 12. Qc2 Nxc3 13. bxc3 f6 14. exf6 Qxf6 15. Be2 Na5 16. O-O Bxf3 17. Bxf3 c6 {½-½ (39) Dominguez Perez,L (2763)-Grischuk,A (2759) Khanty-Mansiysk 2019}) 8... bxc6 9. cxd4 Bb4+ 10. Nbd2 {The position is equal.} Ba6 11. Qa4 $146 ({Predecessor:} 11. Qc2 Qd7 12. a3 Nxd2 13. Bxd2 Bxd2+ 14. Nxd2 O-O 15. h3 f6 {1-0 (57) Jovanovic,M-Markov,S Sibenik 1986}) 11... Bxd2+ $1 12. Nxd2 Bb5 13. Qc2 Nxd2 14. Bxd2 Qd7 (14... Qh4 $11 {remains equal.}) 15. Rc1 (15. a4 $16 Ba6 16. Qc5) 15... Qg4 $11 {[%csl Gb5][%cal Rg4e2][%mdl 64] [#] Double Attack} 16. Be3 Qxg2 $40 {[%mdl 128] Black is up to no good.} 17. Kd2 {Black must now prevent a4.} Qf3 18. Rhe1 {And now a4 would win.} Rb8 $1 19. a4 $2 (19. Qd1 $11 {and White stays safe.} Qxd1+ 20. Rexd1) 19... Bc4 $19 20. Rb1 {[#] aiming for b3.} Rb3 $1 21. Kc1 O-O 22. Ra1 Rfb8 {Strongly threatening ...Bd3.} 23. Rg1 (23. Ra3 $142 Rxa3 24. bxa3) 23... Rxb2 24. Qc3 R2b3 {Black mates.} 25. Qa5 Qe4 {Played: Rb3xe3} 0-1

[Event "All India GP Rapid-ch 2019"]
[Site "Tamil Nadu"]
[Date "2019.11.17"]
[Round "2.5"]
[White "Maheswaran, P.."]
[Black "Deeksith Kasthuri Rajan"]
[Result "1-0"]
[WhiteElo "2337"]
[BlackElo "1267"]
[Annotator "TA"]
[PlyCount "79"]
[EventDate "2019.11.17"]
[EventType "rapid"]
[EventCountry "IND"]
[SourceTitle "playchess.com"]
[Source "ChessBase"]
[SourceQuality "1"]

{[%evp 10,79,15,14,39,39,44,39,44,38,45,35,41,39,53,29,105,105,200,204,279,112,123,119,475,474,473,466,460,462,451,456,500,506,542,545,534,528,698,668,663,647,679,469,907,787,1096,674,1490,1235,1139,1050,1911,1812,1536,1541,2616,2663,2373,2293,2337,2049,29984,29983,29986,29987,29988,29989,29989,29990,29990,29991]} 1. d4 Nf6 2. Nf3 e6 3. c4 d5 4. g3 Bb4+ 5. Bd2 Bxd2+ 6. Qxd2 Nc6 {E11: Bogo-Indian} (6... Nbd7 7. Bg2 c6 8. O-O O-O 9. Ne5 Nxe5 10. dxe5 Nd7 11. f4 b6 12. cxd5 cxd5 13. Na3 Ba6 14. Nc2 {0-1 (56) Andreikin,D (2725)-Jobava,B (2629) chess.com INT 2019}) 7. Bg2 b6 8. O-O Bb7 {White is slightly better.} 9. cxd5 $146 ({Predecessor:} 9. Rd1 O-O 10. Qc2 dxc4 11. Qxc4 Qd7 12. Nc3 Na5 13. Qd3 Rfd8 {1-0 (34) Arabidze,M-Moskovljevic,M Herceg Novi 2005}) 9... exd5 10. Nc3 O-O 11. Rac1 Ne4 12. Qf4 Nxc3 (12... f5 $11) 13. Rxc3 $16 h6 (13... Re8 $16) 14. Rfc1 $18 Qd6 15. Ne5 (15. Qxd6 $18 {and White stays clearly on top.} cxd6 16. Rxc6 Bxc6 17. Rxc6) 15... g5 $16 {[#]} 16. Qe3 $1 Rae8 $2 {[%mdl 8192]} (16... Nxd4 $16 17. Rxc7 (17. Qxd4 c5 $11) 17... Nf5) 17. Rxc6 $18 Bxc6 18. Rxc6 Qxc6 19. Nxc6 Rxe3 20. fxe3 Re8 21. Kf2 a5 22. Bxd5 Kg7 23. e4 f6 24. a4 Kg6 25. g4 Kg7 26. Kf3 Kg6 (26... Rh8 $142 27. Kg3 Kf8) 27. e3 h5 28. h3 h4 29. Ke2 Kg7 30. Kd3 Kf8 31. b3 Rc8 32. Be6 Re8 33. Bd7 Ra8 34. Kc4 Kf7 35. e5 fxe5 36. dxe5 {White mates.} Rf8 37. e6+ Kg7 38. e7 Rg8 39. e8=Q Rxe8 40. Bxe8 {Accuracy: White = 78%, Black = 22%.} 1-0

[Event "All India GP Rapid-ch 2019"]
[Site "Tamil Nadu"]
[Date "2019.11.17"]
[Round "3.1"]
[White "Dhanush Ragav N S"]
[Black "Aravindh, Chithambaram Vr."]
[Result "0-1"]
[WhiteElo "1927"]
[BlackElo "2546"]
[Annotator "TA"]
[PlyCount "60"]
[EventDate "2019.11.17"]
[EventType "rapid"]
[EventCountry "IND"]
[SourceTitle "playchess.com"]
[Source "ChessBase"]
[SourceQuality "1"]

{[%evp 9,72,24,20,29,33,3,11,5,26,34,38,40,37,26,35,40,36,43,49,46,54,34,62,53,61,44,22,33,33,38,34,26,53,53,61,74,67,4,13,10,6,-3,0,0,0,0,-7,-36,-43,-133,0,-29981,-29982,-29991,-29992,-29992,-29993,-29993,-29994,-29994,-29995,-29995,-29996,-29996,-29991]} 1. d4 Nf6 2. Nf3 d5 3. c4 e6 4. Nc3 a6 5. cxd5 exd5 6. Bg5 {D37: Queen's Gambit Declined: 5 Bf4} Be6 7. Qb3 {With the idea Bxf6.} b5 8. e3 {The position is equal.} c5 9. Bxf6 $146 ({Predecessor:} 9. Qc2 c4 10. a3 Be7 11. Ne5 Nfd7 12. Bf4 Nxe5 13. dxe5 d4 14. exd4 Qxd4 {0-1 (44) Melkumyan,H (2670)-Maghsoodloo,P (2688) St Petersburg 2018}) 9... Qxf6 10. Nxd5 Qd8 11. e4 c4 12. Qe3 Bxd5 13. exd5+ Be7 14. Be2 O-O 15. O-O {Black must now prevent a4.} Re8 16. Ne5 Bd6 17. Qd2 Bxe5 18. dxe5 Rxe5 19. Bf3 Nd7 20. a4 Re8 21. d6 Rb8 $1 22. axb5 axb5 23. Bc6 ({White should play} 23. Rfe1 $14) 23... Re6 $11 24. Bd5 Rf6 $1 25. Rfe1 Nc5 {And now ...Nb3 would win.} 26. Ra7 Rxd6 27. Bxf7+ Kh8 28. Qc3 {Black should prevent Bxc4!} Rd1 $36 {[%mdl 2048] aiming for ...b4. Black fights for an advantage.} 29. g3 {[#]} (29. Bh5 $1 $15 Rxe1+ 30. Qxe1) 29... Ne4 (29... Na4 $1 $17 {[%cal Ra4c3]} 30. Qe5 Rxe1+ {[%mdl 64] Overworked Piece} 31. Qxe1 Nxb2) 30. Qb4 $2 {[%mdl 8192] [#]} (30. Qe3 $11 Ng5 31. Bh5 Rxe1+ 32. Qxe1 Nh3+ 33. Kg2) 30... Qb6 {Played: Qd8-d4} 0-1

[Event "All India GP Rapid-ch 2019"]
[Site "Tamil Nadu"]
[Date "2019.11.17"]
[Round "3.2"]
[White "Nitin, S.."]
[Black "Praggnanandhaa R"]
[Result "1-0"]
[WhiteElo "2452"]
[BlackElo "2586"]
[Annotator "TA"]
[PlyCount "19"]
[EventDate "2019.11.17"]
[EventType "rapid"]
[EventCountry "IND"]
[SourceTitle "playchess.com"]
[Source "ChessBase"]
[SourceQuality "1"]

{[%evp 9,19,10,14,8,8,15,18,0,0,-8,-2,-20]} 1. b3 b6 2. Bb2 Bb7 3. c4 Nf6 4. Nf3 e6 5. Nc3 d5 {The position is equal.} 6. e3 {A01: Nimzowitsch-Larsen Opening} a6 7. d4 Bd6 8. cxd5 exd5 9. Bd3 (9. g3 O-O 10. Bg2 Nbd7 11. O-O Ne4 12. Rc1 Nxc3 13. Bxc3 Re8 {1-0 (49) Nakamura,H (2746)-Mamedyarov,S (2817) Kolkata 2018}) 9... O-O $146 ({Predecessor:} 9... Nbd7 10. Qe2 O-O 11. O-O Qe7 12. Rac1 Ne4 13. g3 f5 14. Nd2 c5 15. f4 Nxd2 16. Qxd2 Rac8 17. Rfe1 c4 18. Be2 b5 19. Bf3 Nf6 20. Qg2 Qe6 21. bxc4 Rxc4 {0-1 (41) Metaxasz,V (2127)-Berczes,D (2450) Balatonlelle 2006}) 10. Bf1 {[%mdl 32768] Loss on time!?} 1-0

[Event "All India GP Rapid-ch 2019"]
[Site "Tamil Nadu"]
[Date "2019.11.17"]
[Round "3.3"]
[White "Gopi Krishna Saravanan"]
[Black "Shyaamnikhil, P."]
[Result "0-1"]
[WhiteElo "1417"]
[BlackElo "2413"]
[Annotator "TA"]
[PlyCount "50"]
[EventDate "2019.11.17"]
[EventType "rapid"]
[EventCountry "IND"]
[SourceTitle "playchess.com"]
[Source "ChessBase"]
[SourceQuality "1"]

{[%evp 9,82,6,2,8,1,-15,3,3,10,-45,-19,-16,0,-26,-39,-37,-15,-31,-32,-46,-41,-64,-60,-95,-86,-150,-138,-147,-148,-166,-179,-170,-169,-181,-152,-332,-341,-329,-320,-421,-343,-345,-343,-358,-132,-127,-121,-862,-441,-441,-437,-437,-272,-293,-272,-777,-759,-1033,-983,-997,-839,-965,-940,-893,-843,-29974,-29975,-29975,-29973,-6821,-6041,-29990,-29991,-29991,-29991]} 1. e4 c5 2. Nf3 d6 3. Bb5+ Nd7 4. O-O a6 5. Bxd7+ Bxd7 6. c4 {B51: Sicilian: Moscow Variation (3 Bb5+) without 3...Bd7} (6. d4 cxd4 7. Qxd4 e5 8. Qd3 h6 9. a4 Nf6 10. a5 Be7 11. c4 b5 12. axb6 Qxb6 13. Nc3 O-O 14. Be3 Qb7 15. h3 Rfc8 16. Nd2 Be6 17. Rfb1 a5 18. b3 Ra6 19. Ra2 Bd7 20. Rba1 {½-½ (20) Wang,H (2730)-Nepomniachtchi,I (2763) St Petersburg 2018}) 6... b5 7. d3 g6 8. Nc3 {The position is equal.} Bg7 9. Ne2 $146 (9. Re1 $11) ({Predecessor:} 9. Be3 b4 10. Ne2 Bxb2 11. Rb1 Bg7 12. d4 Qc7 13. dxc5 dxc5 {0-1 (31) Maier,C (2404)-Gallagher,J (2552) Switzerland 2005}) 9... Rb8 10. Rb1 Bc6 11. Ng3 Nf6 12. Re1 Nd7 13. b3 O-O 14. Bb2 e5 15. Nd2 f5 16. f3 Qg5 17. Qe2 (17. cxb5 $142 axb5 18. a4) 17... b4 $17 18. Bc1 Rbe8 19. exf5 gxf5 20. Nde4 Qg6 21. Nf2 h5 22. Nh3 $2 (22. Bb2 $17 {might work better.}) 22... h4 $19 23. Nf1 {[#]} e4 $1 {[%cal Re4f3]} 24. Nf4 Bd4+ 25. Be3 Qh6 {Played: Qg6-g7} 0-1

[Event "All India GP Rapid-ch 2019"]
[Site "Tamil Nadu"]
[Date "2019.11.17"]
[Round "3.4"]
[White "Laxman, R.R."]
[Black "Aswath S"]
[Result "1-0"]
[WhiteElo "2403"]
[BlackElo "1864"]
[Annotator "TA"]
[PlyCount "105"]
[EventDate "2019.11.17"]
[EventType "rapid"]
[EventCountry "IND"]
[SourceTitle "playchess.com"]
[Source "ChessBase"]
[SourceQuality "1"]

{[%evp 19,104,25,27,26,33,9,55,35,100,75,451,454,462,462,438,439,674,648,771,765,845,850,1572,1485,639,431,414,445,688,544,519,535,534,466,702,739,672,539,572,551,566,514,539,529,566,427,509,516,584,592,586,577,992,891,1840,1720,1550,1414,2002,1250,1094,924,931,906,781,736,29978,29979,29976,29973,29990,29991,29991,29992,29992,29993,29995,29996,29996,29997,29997,29997,29997,29998,29998,29999,29999]} 1. d4 d5 2. Nf3 e6 3. c4 c6 4. e3 Nf6 5. b3 b6 6. Bd3 Bb7 7. O-O Be7 8. Bb2 Nbd7 9. Nc3 O-O 10. Qe2 Qc7 11. Rac1 {D46: Semi-Slav: 5 e3 Nbd7 6 Bd3, Black avoids the Meran} Rfe8 (11... Rad8 12. cxd5 exd5 13. Ba6 Ba8 14. Rc2 Qb8 15. Bd3 Bd6 16. Bf5 Rfe8 17. g3 Bb7 18. Rfc1 c5 {0-1 (46) Santos Latasa,J (2586)-Salinas Herrera,P (2506) Barcelona 2019}) 12. Ne5 c5 $146 ({Predecessor:} 12... dxc4 13. bxc4 Nxe5 14. dxe5 Nd7 15. f4 f5 16. exf6 Bxf6 17. Rf3 {1-0 (30) Galeb,A-Mendivil Salinas,I Leipzig 1960}) 13. cxd5 {White is slightly better.} exd5 ({Black should try} 13... Nxe5 $14 14. dxe5 Nxd5) 14. f4 Ne4 $2 {[%mdl 8192]} (14... Rad8 $16 {is tougher.}) 15. Nxe4 $18 {[%mdl 64] Overworked Piece} dxe4 {[#]} 16. Bc4 $1 Rf8 17. Qh5 {[%cal Rc4f7]} Nxe5 (17... Nf6 $142 18. Bxf7+ Rxf7 19. Qxf7+ Kh8 20. dxc5 Bd5) 18. fxe5 g6 19. Qh6 Qd8 20. e6 {[%cal Re6f7]} f6 21. Rf4 {White wants to mate with Rh4.} g5 22. Rf5 Qe8 23. Rcf1 b5 (23... Qg6 $142 24. Qh3 cxd4) 24. Bxb5 Qg6 25. Qh3 a6 26. Bd7 h5 (26... cxd4 $142 27. exd4 a5) 27. dxc5 a5 28. Bb5 Rac8 29. Bd4 Bc6 30. Bc4 {Threatens to win with Bxf6!} Kh7 31. Be2 h4 32. Bg4 Be8 33. Rd5 {Strongly threatening Bf5.} Kh8 34. g3 Bc6 35. Rdf5 Bb5 36. R1f2 Kg7 37. gxh4 Rh8 38. h5 Qh6 39. Qg3 {Rxf6 would kill now.} Rhf8 40. h4 gxh4 41. Qxh4 Kh7 42. R5f4 Bxc5 43. Rxf6 {White mates.} Rxf6 44. Rxf6 Qxe3+ 45. Bxe3 Bxe3+ 46. Kg2 Rc2+ 47. Kh3 Bd4 48. Bf5+ {[%mdl 64] Double Attack, Discovered Attack} Kh8 49. Rf8+ Kg7 50. Qe7+ Kh6 {[#]} 51. Rf6+ $1 Kg5 (51... Bxf6 52. Qxf6+) 52. Qg7+ Kf4 53. Qg3# {Accuracy: White = 69%, Black = 32%.} 1-0